<?xml version="1.0" encoding="UTF-8"?>
<marc:record xmlns:marc="http://www.loc.gov/MARC21/slim">
   <marc:leader>00000nam a2200000 a 4500</marc:leader>
   <marc:datafield ind1="1" ind2=" " tag="100">
      <marc:subfield code="a">Zarfl, Tony</marc:subfield>
      <marc:subfield code="4">aut</marc:subfield>
      <marc:subfield code="e">Verfasser/-in</marc:subfield>
   </marc:datafield>
   <marc:datafield ind1=" " ind2=" " tag="653">
      <marc:subfield code="a">die intensive Dark Romance mit Thriller-Elementen schätzen. Die Kernzielgruppe sind vorwiegend Leser:innen zwischen 20 und 45 Jahren</marc:subfield>
   </marc:datafield>
   <marc:datafield ind1=" " ind2=" " tag="653">
      <marc:subfield code="a">die komplexe Beziehungsdynamiken</marc:subfield>
   </marc:datafield>
   <marc:datafield ind1=" " ind2=" " tag="653">
      <marc:subfield code="a">moralisch ambivalente Charaktere und spannungsgeladene Handlungen lieben. Die Geschichte ist eine Art “Grey’s Anatomy x Fast and the Furious” - Besonders angesprochen fühlen sich Fans von der "Culpa Mia" Reihe</marc:subfield>
   </marc:datafield>
   <marc:datafield ind1=" " ind2=" " tag="653">
      <marc:subfield code="a">Forbidden-Love-Trope und Geschichten mit Tiefe. &lt;br&gt; Die Leserschaft schätzt authentische Darstellungen toxischer Beziehungen</marc:subfield>
   </marc:datafield>
   <marc:datafield ind1=" " ind2=" " tag="653">
      <marc:subfield code="a">starke weibliche Charaktere auf Selbstfindungsreisen und Antihelden mit verborgenen Verletzlichkeiten. Ideal für alle</marc:subfield>
   </marc:datafield>
   <marc:datafield ind1=" " ind2=" " tag="653">
      <marc:subfield code="a">die nach Büchern suchen</marc:subfield>
   </marc:datafield>
   <marc:datafield ind1=" " ind2=" " tag="653">
      <marc:subfield code="a">die unter die Haut gehen</marc:subfield>
   </marc:datafield>
   <marc:datafield ind1=" " ind2=" " tag="653">
      <marc:subfield code="a">emotional fordern und nicht bei oberflächlicher Romantik stehenbleiben. Auch geeignet für Leser:innen</marc:subfield>
   </marc:datafield>
   <marc:datafield ind1=" " ind2=" " tag="653">
      <marc:subfield code="a">die realistische Darstellungen von emotionalem Missbrauch</marc:subfield>
   </marc:datafield>
   <marc:datafield ind1=" " ind2=" " tag="653">
      <marc:subfield code="a">Selbstwertproblematiken und den Weg zur Selbstermächtigung suchen</marc:subfield>
   </marc:datafield>
   <marc:datafield ind1=" " ind2=" " tag="653">
      <marc:subfield code="a">eingebettet in eine packende</marc:subfield>
   </marc:datafield>
   <marc:datafield ind1=" " ind2=" " tag="653">
      <marc:subfield code="a">düstere Love-Story mit Suchtfaktor.</marc:subfield>
   </marc:datafield>
   <marc:datafield ind1=" " ind2=" " tag="653">
      <marc:subfield code="a">Culpa Mia</marc:subfield>
   </marc:datafield>
   <marc:datafield ind1=" " ind2=" " tag="653">
      <marc:subfield code="a">Booktok</marc:subfield>
   </marc:datafield>
   <marc:datafield ind1=" " ind2=" " tag="653">
      <marc:subfield code="a">Dark Romance</marc:subfield>
   </marc:datafield>
   <marc:datafield ind1=" " ind2=" " tag="653">
      <marc:subfield code="a">Fast and The Furious</marc:subfield>
   </marc:datafield>
   <marc:datafield ind1=" " ind2=" " tag="653">
      <marc:subfield code="a">Dark Romantic Suspense</marc:subfield>
   </marc:datafield>
   <marc:datafield ind1=" " ind2=" " tag="653">
      <marc:subfield code="a">Dark Thrill</marc:subfield>
   </marc:datafield>
   <marc:datafield ind1=" " ind2=" " tag="653">
      <marc:subfield code="a">Grey's Anatomy</marc:subfield>
   </marc:datafield>
   <marc:datafield ind1=" " ind2=" " tag="653">
      <marc:subfield code="a">forbidden love</marc:subfield>
   </marc:datafield>
   <marc:datafield ind1=" " ind2=" " tag="653">
      <marc:subfield code="a">enemies to lovers</marc:subfield>
   </marc:datafield>
   <marc:datafield ind1=" " ind2=" " tag="653">
      <marc:subfield code="a">broken friendships</marc:subfield>
   </marc:datafield>
   <marc:datafield ind1=" " ind2=" " tag="653">
      <marc:subfield code="a">toxic friends</marc:subfield>
   </marc:datafield>
   <marc:datafield ind1=" " ind2=" " tag="653">
      <marc:subfield code="a">Carguy</marc:subfield>
   </marc:datafield>
   <marc:datafield ind1="0" ind2="0" tag="245">
      <marc:subfield code="a">Angel Eyes</marc:subfield>
   </marc:datafield>
   <marc:datafield ind1="0" ind2="0" tag="245">
      <marc:subfield code="b">Im Schatten des Schweigens I Dark Romantic Suspence mit Farbschnitt</marc:subfield>
   </marc:datafield>
   <marc:datafield ind1="0" ind2="0" tag="245">
      <marc:subfield code="c">Tony Zarfl</marc:subfield>
   </marc:datafield>
   <marc:datafield ind1=" " ind2="1" tag="264">
      <marc:subfield code="a">S.l.] @</marc:subfield>
      <marc:subfield code="b">Litego Verlag</marc:subfield>
      <marc:subfield code="c">2026</marc:subfield>
   </marc:datafield>
   <marc:datafield ind1=" " ind2=" " tag="250">
      <marc:subfield code="a">1. Auflage</marc:subfield>
   </marc:datafield>
   <marc:datafield ind1="1" ind2=" " tag="520">
      <marc:subfield code="a">Er ist Gefahr - Sie ist Heilung. Zusammen sind sie tödlich.
&lt;br&gt;
&lt;br&gt;

&lt;br&gt;
Emma hat gelernt, unsichtbar zu sein. In den Augen ihres Vaters ist sie nie gut genug,
&lt;br&gt;
&lt;br&gt;
ihre Beziehungen zerbrechen, und ihre Freunde nehmen mehr, als sie geben.
&lt;br&gt;
&lt;br&gt;
Als Assistenzärztin im renommierten MADDOX Hospital arbeitet sie hart für Anerkennung,
&lt;br&gt;
&lt;br&gt;
die niemals kommt. Doch dann wird sie in den verbotenen Keller gerufen – dort,
&lt;br&gt;
&lt;br&gt;
wo die Grenzen zwischen Medizin und Verbrechen verschwimmen.
&lt;br&gt;

&lt;br&gt;
&lt;br&gt;

&lt;br&gt;
Dort begegnet sie ihm: Soul, ein Mann mit eisblauen Augen, der die Gefahr atmet,
&lt;br&gt;
&lt;br&gt;
wie andere Luft.
&lt;br&gt;

&lt;br&gt;
&lt;br&gt;

&lt;br&gt;
Kann Emma in der Dunkelheit überleben? Oder wird sie darin untergehen – zusammen mit ihrem Herzen?
&lt;br&gt;

&lt;br&gt;
&lt;br&gt;
Was du an diesem packenden Dark Romance Thriller lieben wirst:
&lt;br&gt;

&lt;br&gt;

&lt;br&gt;
Explosive Chemie zwischen einer starken Powerfrau und einem eiskalten Strategen, der niemanden an sich heranlässt
&lt;br&gt;
Düstere Geheimnisse, die tief in Emmas Familie verwurzelt sind und ihr ganzes Leben auf den Kopf stellen
&lt;br&gt;
Hochspannung und Nervenkitzel – von illegalen Straßenrennen bis zu tödlichen Machtkämpfen im Dunkeln
&lt;br&gt;
Emotionale Tiefe – toxische Verbindungen, familiäre Ablehnung und der verzweifelte Kampf um Selbstwert
&lt;br&gt;

&lt;br&gt;
&lt;br&gt;

&lt;br&gt;
"Angel Eyes - Im Schatten des Schweigens" ist Dark Romance Thrill für alle, die intensive Gefühle,
&lt;br&gt;
&lt;br&gt;
komplexe Charaktere und Geschichten lieben, die unter die Haut gehen.
&lt;br&gt;
&lt;br&gt;
Eine Geschichte über Macht, Verrat, verbotene Anziehung und die Frage:
&lt;br&gt;
&lt;br&gt;
Wie weit würdest DU für die Wahrheit gehen?
&lt;br&gt;

&lt;br&gt;
&lt;br&gt;
Sichere dir jetzt Teil 1 der Dilogie und beginne eine Reise, die du so schnell nicht vergessen wirst!
&lt;br&gt;
</marc:subfield>
   </marc:datafield>
   <marc:datafield ind1=" " ind2=" " tag="020">
      <marc:subfield code="a">9783991594369</marc:subfield>
      <marc:subfield code="9">9783991594369</marc:subfield>
   </marc:datafield>
   <marc:datafield ind1=" " ind2=" " tag="020">
      <marc:subfield code="a">3991594366</marc:subfield>
      <marc:subfield code="9">3991594366</marc:subfield>
   </marc:datafield>
   <marc:datafield ind1=" " ind2=" " tag="041">
      <marc:subfield code="a">ger</marc:subfield>
   </marc:datafield>
   <marc:datafield ind1=" " ind2=" " tag="300">
      <marc:subfield code="a">380 Seiten</marc:subfield>
   </marc:datafield>
</marc:record>
